| 000 | 01007nam a2200265Ia 4500 | ||
|---|---|---|---|
| 003 | OSt | ||
| 005 | 20220923224046.0 | ||
| 006 | a|||||r|||| 00| 0 | ||
| 007 | ta | ||
| 008 | 220922b |||||||| |||| 00| 0 hin d | ||
| 024 | _a224,538 | ||
| 037 | _cTextual | ||
| 040 |
_aARTS _cARTS _bhin |
||
| 041 |
_2hin _ahin |
||
| 082 | _aQ8441:33xI69, 152M9 | ||
| 100 |
_aतालिब, गुरबचन सिंह; नरेन्द्र मोहन, अनु. _9167761 |
||
| 245 | 0 | _aगुरू नानक | |
| 246 | _aGurū nānaka | ||
| 260 |
_aनयी दिल्ली _b साहित्य अकादेमी _c1989 |
||
| 300 |
_a87पृ. _ccm. |
||
| 490 | _aभारतीय साहित्य के निर्माता | ||
| 650 | _aधर्मशास्त्र | ||
| 942 |
_hQ8441:33xI69, 152M9 _cTEXL _2CC |
||
| 999 |
_c368927 _d368927 |
||